[Event "Irish New Year IM Norm Event 1 2020"]
[Site "Dublin IRL"]
[Date "2020.01.05"]
[Round "7.5"]
[White "Ahlander, Bjorn"]
[Black "Venkatesan, Kavin"]
[Result "1-0"]
[WhiteTitle "IM"]
[WhiteElo "2418"]
[BlackElo "1815"]
[BlackICU "1874"]
[BlackClub "St. Benildus"]
[WhiteNationality "SWE"]
[BlackNationality "IRL"]
[WhiteFideId "1700251"]
[BlackFideId "2512602"]
[PlyCount "64"]
[EventDate "2020.01.02"]
[WhiteFullName "Ahlander, Bj&ouml;rn"]

{ Event information: <a
href="https://www.irlchess.com/irishnyim1-2020_allfiles/pairings_irishnyim1-2020.html">Tournament
report</a>. }

1. d4 Nf6 2. c4 e6 3. Nc3 Bb4 4. Qc2 c5 5. dxc5 Bxc5 6. Nf3 O-O 7. Bg5 Be7
8. e4 d6 9. Rd1 Qb6 10. Be2 Bd7 11. O-O Bc6 12. a3 a5 13. Nd4 Nbd7 14. Be3
Qc7 15. f4 a4 16. Bf3 Nb6 17. Qe2 Nbd7 18. Rd2 Rfd8 19. Rfd1 Nc5 20. Ndb5
Bxb5 21. Nxb5 Qa5 22. Bxc5 dxc5 23. e5 Ne8 24. Rd7 Rxd7 25. Rxd7 Bf8 26.
Qd1 g6 27. g3 Ng7 28. Bxb7 Rb8 29. Be4 Rxb5 30. cxb5 Qxb5 31. Rb7 Qc4 32.
Qd7 Qd4+ 1-0

[Event "Irish New Year IM Norm Event 1 2020"]
[Site "Dublin IRL"]
[Date "2020.01.06"]
[Round "8.5"]
[White "Kanyamarala, Tarun"]
[Black "O'Donnell, Conor"]
[Result "1-0"]
[WhiteTitle "FM"]
[BlackTitle "FM"]
[WhiteElo "2320"]
[BlackElo "2307"]
[WhiteICU "2220"]
[BlackICU "2297"]
[WhiteClub "Balbriggan"]
[BlackClub "Gonzaga"]
[WhiteNationality "IRL"]
[BlackNationality "IRL"]
[WhiteFideId "45004714"]
[BlackFideId "2504243"]
[PlyCount "75"]
[EventDate "2020.01.02"]

{ Event information: <a
href="https://www.irlchess.com/irishnyim1-2020_allfiles/pairings_irishnyim1-2020.html">Tournament
report</a>. }

1. d4 Nf6 2. Nf3 d5 3. e3 c5 4. dxc5 e6 5. b4 a5 6. c3 axb4 7. cxb4 b6 8.
Bb5+ Bd7 9. Bxd7+ Nbxd7 10. a4 bxc5 11. b5 Bd6 12. O-O O-O 13. Nbd2 Qc7 14.
Bb2 c4 15. Qc2 Rfc8 16. Bc3 e5 17. h3 Nc5 18. Rfb1 Nfd7 19. a5 Nd3 20. b6
Qb7 21. e4 d4 22. Bxd4 Nb4 23. Qa4 exd4 24. Rxb4 Bxb4 25. Qxb4 Nxb6 26.
Nxd4 Qc7 27. Nf5 Re8 28. Rc1 Nd7 29. Nxc4 Ne5 30. Qd6 Qxd6 31. Ncxd6 Re6
32. Rc7 g6 33. Nh6+ Kg7 34. Nhxf7 Nxf7 35. Nxf7 Kf6 36. e5+ Kf5 37. g4+ Kf4
38. Rc4+ 1-0

[Event "Irish New Year IM Norm Event 1 2020"]
[Site "Dublin IRL"]
[Date "2020.01.06"]
[Round "9.1"]
[White "O'Donnell, Conor"]
[Black "Mannion, Stephen R."]
[Result "1/2-1/2"]
[WhiteTitle "FM"]
[BlackTitle "IM"]
[WhiteElo "2307"]
[BlackElo "2283"]
[WhiteICU "2297"]
[WhiteClub "Gonzaga"]
[WhiteNationality "IRL"]
[BlackNationality "SCO"]
[WhiteFideId "2504243"]
[BlackFideId "2400111"]
[PlyCount "75"]
[EventDate "2020.01.02"]

{ Event information: <a
href="https://www.irlchess.com/irishnyim1-2020_allfiles/pairings_irishnyim1-2020.html">Tournament
report</a>. }

1. d4 d5 2. c4 dxc4 3. e4 e5 4. Nf3 Bb4+ 5. Bd2 Bxd2+ 6. Nbxd2 exd4 7. Bxc4
Nc6 8. O-O Qf6 9. e5 Qg6 10. Nb3 Nge7 11. Nbxd4 O-O 12. e6 fxe6 13. Nb5 Rd8
14. Qe2 Nd5 15. Ne5 Nxe5 16. Qxe5 c6 17. Nc7 Nxc7 18. Qxc7 Re8 19. Rad1 Qf7
20. Qe5 Qf6 21. f4 Qxe5 22. fxe5 Rf8 23. Rxf8+ Kxf8 24. Rd8+ Ke7 25. Rh8 b5
26. Be2 Bb7 27. Rxh7 Kf7 28. Kf2 Rd8 29. Ke3 c5 30. Rh4 Bxg2 31. Bxb5 Rb8
32. Rf4+ Ke7 33. Be2 Rxb2 34. Rg4 Bd5 35. Rxg7+ Kf8 36. Rxa7 Rxa2 37. Rc7
Ra4 38. Rxc5 1/2-1/2

[Event "Irish New Year IM Norm Event 1 2020"]
[Site "Dublin IRL"]
[Date "2020.01.06"]
[Round "9.3"]
[White "Waters, Michael"]
[Black "Melaugh, Shane"]
[Result "0-1"]
[BlackTitle "CM"]
[WhiteElo "2130"]
[BlackElo "2207"]
[WhiteICU "2092"]
[BlackICU "2149"]
[WhiteClub "Bray/Greystones"]
[BlackClub "Elm Mount"]
[WhiteNationality "IRL"]
[BlackNationality "IRL"]
[WhiteFideId "2500523"]
[BlackFideId "2509580"]
[PlyCount "182"]
[EventDate "2020.01.02"]

{ Event information: <a
href="https://www.irlchess.com/irishnyim1-2020_allfiles/pairings_irishnyim1-2020.html">Tournament
report</a>. }

1. Nf3 e6 2. b3 f5 3. Bb2 Nf6 4. d4 Be7 5. e3 O-O 6. Bd3 b6 7. Nbd2 Bb7 8.
Qe2 Ne4 9. Bxe4 fxe4 10. Ne5 d6 11. Nec4 d5 12. Ne5 Nc6 13. f4 Nxe5 14.
dxe5 c5 15. O-O Qe8 16. Qg4 Rf5 17. Rae1 h5 18. Qh3 Qg6 19. Kh1 Kf7 20. Rg1
Qg4 21. Qxg4 hxg4 22. g3 Rd8 23. h4 b5 24. Kh2 Rh5 25. Re2 g5 26. fxg5 Bxg5
27. Kg2 Bh6 28. Rf1+ Ke7 29. Rf6 d4 30. Nf1 Bg7 31. exd4 cxd4 $4 (31...
Bxf6 $19) 32. Ba3+ $18 Kd7 33. Rf7+ Kc8 34. Rxg7 e3+ 35. Rxb7 Kxb7 36. Bd6
b4 37. Nh2 Rg8 38. Kf1 $2 (38. Bc5 $18) 38... Kc6 39. Ke1 a5 40. Be7 Rxe5
41. Bg5 Re4 42. Bf4 Kd5 43. Nf1 Rc8 44. Kd1 Rf8 45. Nh2 a4 46. bxa4 e5 47.
Bg5 Ra8 48. Kc1 Rxa4 49. Kb2 Ra7 50. Nf1 Rf7 51. Re1 Rf5 52. Kb3 Rf3 53.
Kb2 Kc4 54. Bh6 Rf2 55. Bg5 Rf3 56. Bh6 Kd5 57. Bg5 Ke6 58. Bh6 Kf5 59. Bg5
Kg6 60. Be7 e2 61. Nd2 Ree3 62. Bxb4 Rxg3 63. a4 Rh3 64. Be7 Kf5 65. a5 Ke6
66. Bg5 Ra3 67. Rxe2 Rxa5 68. Rg2 Rb5+ 69. Ka2 Rc3 70. Ne4 Rc7 71. Bc1 Rc6
72. Ba3 Kd5 73. Nc5 Ra5 74. Nb3 Ra7 75. Kb2 Rg7 76. h5 Rg5 77. Bf8 Rg8 78.
Bb4 Rh6 79. Be1 Rxh5 80. Bg3 Rh3 81. Kc1 e4 82. Kd1 e3 83. Rg1 Ke4 84. Ke2
Rc8 85. Kd1 Rc3 86. Be1 e2+ 87. Kc1 Rc8 88. Rxg4+ Kf5 89. Rxd4 Rxb3 90. Kd2
Rb1 91. Rd7 $4 (91. Rd5+ $10) 91... Rd1+ 0-1

[Event "Irish New Year IM Norm Event 1 2020"]
[Site "Dublin IRL"]
[Date "2020.01.06"]
[Round "9.4"]
[White "Ahlander, Bjorn"]
[Black "Delaney, Killian"]
[Result "1/2-1/2"]
[WhiteTitle "IM"]
[WhiteElo "2418"]
[BlackElo "2278"]
[BlackICU "2239"]
[BlackClub "Gonzaga"]
[WhiteNationality "SWE"]
[BlackNationality "IRL"]
[WhiteFideId "1700251"]
[BlackFideId "2501570"]
[PlyCount "121"]
[EventDate "2020.01.02"]
[WhiteFullName "Ahlander, Bj&ouml;rn"]

{ Event information: <a
href="https://www.irlchess.com/irishnyim1-2020_allfiles/pairings_irishnyim1-2020.html">Tournament
report</a>. }

1. d4 d5 2. c4 Nc6 3. Nc3 Nf6 4. Nf3 dxc4 5. d5 Na5 6. Qa4+ c6 7. b4 b5 8.
Qxa5 Qxa5 9. bxa5 b4 10. e4 bxc3 11. Bxc4 Nxe4 12. O-O Nd6 13. Bb3 cxd5 14.
Bxd5 Bb7 15. Bxb7 Nxb7 16. Be3 e6 17. Rfc1 Ba3 18. Rc2 Bb2 19. Rb1 O-O 20.
Bc1 Nxa5 21. Bxb2 cxb2 22. Rbxb2 Rfc8 23. g3 h6 24. Ne5 f6 25. Nd3 e5 26.
h4 Rxc2 27. Rxc2 Rd8 28. Rc3 Rd4 29. Nb2 Rd2 30. Ra3 Nc6 31. Nc4 Rd5 32.
Ra6 Rc5 33. Nd6 h5 34. Kg2 Rc2 35. Nc8 Nb4 36. Ne7+ Kf7 37. Rxa7 Rxa2 38.
Rc7 Nd3 39. Kf3 Ke6 40. Nc8 Nxf2 41. Rxg7 Ng4 42. Re7+ Kd5 43. Rd7+ Kc6 44.
Rf7 Rf2+ (44... Ra8 $19) 45. Ke4 Re2+ 46. Kf3 Re3+ 47. Kg2 e4 48. Ne7+ Kd6
49. Rh7 Re2+ (49... Rf3 $19) 50. Kg1 e3 51. Nf5+ Ke5 52. Rxh5 Ke4 53. Nd6+
Kf3 $2 (53... Kd4 $19) 54. Rf5+ Kxg3 55. Ne4+ Kxh4 56. Nxf6 Nxf6 57. Rxf6
Re1+ 58. Kg2 Kg4 59. Rb6 e2 60. Rb4+ Kf5 61. Kf2 1/2-1/2